1919 1648 1257 1669 1382 1879 1236 1837 1391 1042 1541 1924 1738 1954 1927 1359 1629 1438 1751 1776 1279 1716 1411 1671 1254 1973 1729 1346 1977 1140 1933 1749 1507 1446 1295 1390 1878 1090 1658 1090 1475 1708 1960 1670 1354 1839 1310 1847 1775 1074 1516 1645 1570 1682 1497 1139 1836 1176 1901 1730 1657 1541 1156 1784 1682 1001 1322 1591 1382 1118 1045 1852 1105 1676 1874 1261 1975 1496 1190 1062 1137 1069 1711 1351 1934 1972 1728 1861 1850 1840 1943 1252 1903 1049 1028 1965 1175 1626 1695 BCNSPRNW ULIB Ver.6.0+V

เปลี่ยนเป็นภาษาไทย

Change to English
 แสดงรายละเอียดบรรณานุกรม
  กลับหน้าหลัก

Brief Record : Get Marc (ISO 2709) : E-mail record : QR code < ปิดหน้าต่าง
LEADER : 00000nam 2200000uu 4500
001    13399122699
003     ULIB
008    020711s2554 th a 000 0 tha d
020    9789740328445
050    HD66^bท615ก
100    เทพประสิทธิ์ กุลธวัชวิชัย
245    การนันทนาการ /^cเทพประสิทธิ์ กุลธวัชวิชัย
250    พิมพ์ครั้งที่ 1
260    กรุงเทพฯ :^bสำนักพิมพ์แห่งจุฬาลงกรมหาวิทยาลัย,^c2554
300    453 หน้า
650    นันทนาการ
945    ^p320^l0^i20141
999    ^aกัณชพร
รายการนี้ยังไม่มีแท็ก
คุณยังไม่ได้ล็อกอิน คุณสามารถมีกิจกรรมร่วมกับเว็บไซต์ได้ แต่ต้องล็อกอินก่อน ::
  ล็อกอิน

รายการสื่อสารสนเทศ

ลำดับที่ ประเภท เลขเรียก/บาร์โค้ด สถานที่ สถานะ
1. การศึกษาทั่วไป
การศึกษาทั่วไป
HD66 ท615ก ฉ.1 
  Barcode: 20141
ห้องสมุดวิทยาเขตนครสวรรค์
►หนังสือทั่วไป:l:General Books
บนชั้น

รายการใกล้เคียง
    ผู้แต่ง [เทพประสิทธิ์ กุลธวัชวิชัย]

    หัวเรื่อง [นันทนาการ]

BibComment


ยังไม่เคยถูกคอมเมนท์

คอมเมนท์ทรัพยากรรายการนี้
  คอมเมนท์: การนันทนาการ เทพ..


 Copyright 2026. Bcnsprnw @Library